00503nam a2200169 a 4500008004100000020001500041050001400056100002100070245009300091260004300184300001000227350000900237650001300246650003300259650002200292700001900314090326s2000 ||||||||||||||||| || u a1857754263 aRC 46 Cli aGrimshaw, Jeremy10aClinical guidelines: from conception to usecedited by Martin Eccles and Jeremy Grimshaw aAdington, OXbRadcliff Medical Pc2000 a120p. a0.00 aMEDICINE aCLINICAL MEDICINE--STANDARDS aMEDICAL PROTOCOLS aEccles, Martin